Score 0/30 Timer 05:00
3 Plays Today
Mixed Word Answer % Correct
InsectsWasp
98.4%
Bird of PreyOwl
98%
InsectsBeetle
97.9%
ColorsPurple
97.7%
Bird of PreyHawk
97.3%
SportsRugby
96.8%
ColorsGreen
96.7%
ColorsSilver
96.6%
ColorsTeal
96.6%
MuppetsMiss Piggy
96.3%
Bird of PreyEagle
95.5%
SportsSoccer
95.4%
SportsHockey
94.9%
Roman GodsJuno
94.5%
Roman GodsMercury
93%
Mixed Word Answer % Correct
MuppetsKermit
92.7%
SportsCricket
92.4%
Bird of PreyFalcon
88.1%
Roman GodsJupiter
85.1%
ColorsMaroon
75.2%
InsectsAphid
70.9%
Bird of PreyOsprey
69.4%
SportsLacrosse
64.9%
InsectsHornet
64.6%
MuppetsAnimal
61.9%
Roman GodsVesta
53.9%
InsectsDragonfly
53.5%
Roman GodsMinerva
48.2%
MuppetsScooter
34.9%
MuppetsBunsen
29.5%
Remove Ads.
Support Sporcle.
Get the best of Sporcle when you Go Orange. This ad-free experience offers more features, more stats, and more fun while also helping to support Sporcle. Thank you for becoming a member.

You're not logged in!

Compare scores with friends on all Sporcle quizzes.
OR
Log In

Show Comments

Extras

Top Quizzes Today


Score Distribution

Your Account Isn't Verified!

In order to create a playlist on Sporcle, you need to verify the email address you used during registration. Go to your Sporcle Settings to finish the process.

Report this User

Report this user for behavior that violates our Community Guidelines.

Details: